| 000 | 00923cam a2200205 4500 | ||
|---|---|---|---|
| 008 | 020313n2002 000 0 eng u | ||
| 035 | _a(Sirsi) u117121 | ||
| 245 | _aEULIS gets go-ahead | ||
| 260 | _c2002 | ||
| 490 |
_aHM Land Registry Press Release _v LPR03/02 27 February 2002, (02) |
||
| 520 | _aEuropean land information will be improved by the launch of the European Land Information Service (EULIS) consortium which brings together the computerised national land registries in England and Wales, Scotland and six other European countries. It will help overcome the national boundaries currently dominant in the European property market htp://www.landreg.gov.uk/pressoffice/default.asp?pnum=03/02 | ||
| 590 | _aWB | ||
| 650 | _aLAND INFORMATION | ||
| 650 | _aEUROPEAN PROPERTY MARKET | ||
| 650 | _aEULIS | ||
| 650 | _aHM LAND REGISTRY | ||
| 650 | _aPROPERTY INFORMATION | ||
| 690 | _aEUROPE | ||
| 942 | _n0 | ||
| 999 |
_c69775 _d69775 |
||